| 000 | 00802nam a2200265 i 4500 | ||
|---|---|---|---|
| 001 | 000028385 | ||
| 003 | DO-SdBNP | ||
| 005 | 20250805144350.0 | ||
| 007 | ta | ||
| 008 | 110408s1992 dr 000 0 spa d | ||
| 040 |
_aDO-SdBNP _bspa _cBNPHU _erda |
||
| 041 | _aspa | ||
| 049 | _aBNPD | ||
| 082 |
_axxx _bxxx _222 |
||
| 245 | 1 | 0 |
_aGuia para el uso no sexista del lenguaje / _cAdaptación de, Teresa Meana. |
| 264 | 1 |
_aSanto Domingo : _bCentro de Investigación para la Acción Femenina (Cipaf), _c1992. |
|
| 300 |
_a36 páginas ; _b21 cm. |
||
| 336 |
_atexto _btxt _2rdacontent |
||
| 337 |
_asin mediación _bn _2rdamedia |
||
| 338 |
_avolumen _bnc _2rdacarrier |
||
| 490 | 1 | _aSerie Educación No Sexista | |
| 590 | _aInventariado, 2025/BT | ||
| 700 |
_aMeana, Teresa _955343 |
||
| 942 |
_2ddc _cLF2 |
||
| 999 |
_c27877 _d27877 |
||